| 000 | 01089nam a2200277 a 4500 | ||
|---|---|---|---|
| 001 | |||
| 003 | DO-SdBNP | ||
| 005 | 20211006080559.0 | ||
| 008 | 090908s2005 dr 001 0 spa d | ||
| 040 |
_aDO-SdBNP _bspa _cBPMSU |
||
| 082 |
_a338.64 _222 _bC172p 2005 |
||
| 100 | 1 |
_aCamacho, Luis, _d1969- |
|
| 245 | 1 | 3 |
_aLa pequeña y mediana empresa dominicana : _bmitos y realidad / _cLuis Camacho, Claudio M. Riccardi ; prólogo Alba Iris Montero. |
| 246 | 1 | 3 | _aUn cuento entre la novela y el drama |
| 260 |
_aLa Romana, República Dominicana : _bFundación Biblioteca Universitaria Provicional, _c2005. |
||
| 300 |
_a165 p. ; _c20 cm. |
||
| 500 | _aIncluye datos biográficos de los autores en la portada de la contracubierta | ||
| 500 | _aIncluye referencias bibliográficas y notas al pie de las páginas | ||
| 590 | _aInventariado, 2021/VM | ||
| 650 | 4 |
_aPequeña y mediana empresa _zRepública Dominicana |
|
| 650 | 4 |
_aMicroempresa _zRepública Dominicana |
|
| 700 | 1 |
_aRiccardi, Claudio M. _d1952- |
|
| 700 | 1 |
_aMontero, Alba Iris, _epról. |
|
| 910 | _aVMateo V. | ||
| 942 |
_2ddc _cBK |
||
| 999 |
_c13766 _d13766 |
||